000 00993nam a2200169Ia 4500
008 100122s9999 xx 000 0 und d
082 _b3839
_a294.5
100 _aपरांजपे श्री वि
245 _aकिर्तनसुधा धारा भाग-1(श्रीगुरुचरणी रुद्राभिषेक)
260 _bनिर्णय सागर प्रकाशन
_c1937
300 _a640
520 _a"हिंंदुधर्म, भक्ति, कीर्तन, नाममाहात्म्य"
620 _a"हिंंदुधर्म, भक्ति, कीर्तन, नाममाहात्म्य"
630 _aकिर्तनसुधा धारा भाग-1(श्रीगुरुचरणी रुद्राभिषेक)
730 _aकिर्तनसुधा धारा भाग-1(श्रीगुरुचरणी रुद्राभिषेक)
942 _cBOOK
999 _c397705
_d397702